US State Capital Scramble - Statistics

General Stats
  • This quiz has been taken 14 times
  • The average score is 34 of 50
Answer Stats
State Capital % Correct
Montpelier
100%
Juneau
92%
Bismark
83%
Carson City
83%
Honolulu
83%
Lincoln
83%
Madison
83%
Montgomery
83%
Pierre
83%
Annapolis
75%
Charleston
75%
Cheyenne
75%
Columbia
75%
Lansing
75%
Providence
75%
Sacramento
75%
Trenton
75%
Atlanta
67%
Austin
67%
Boise
67%
Boston
67%
Concord
67%
Denver
67%
Des Moines
67%
Dover
67%
Harrisburg
67%
Jackson
67%
Jefferson City
67%
Phoenix
67%
Raleigh
67%
Richmond
67%
Salt Lake City
67%
Tallahassee
67%
Topeka
67%
Albany
58%
Augusta
58%
Baton Rouge
58%
Columbus
58%
Frankfort
58%
Hartford
58%
Helena
58%
Little Rock
58%
Nashville
58%
Olympia
58%
Saint Paul
58%
Salem
58%
Santa Fe
58%
Oklahoma City
50%
Indianapolis
42%
Springfield
42%
No matching quizzes found
Score Distribution
Percent of People with Each Score
Percentile by Number Answered
Your Score History
You have not taken this quiz